LEADER 02218nam0 22005413i 450 001 VAN0276611 005 20240603113730.516 017 70$2N$a9783031144592 100 $a20240603d2022 |0itac50 ba 101 $aeng 102 $aCH 105 $a|||| ||||| 200 1 $aMartingale Hardy Spaces and Summability of One-Dimensional Vilenkin-Fourier Series$fLars-Erik Persson, George Tephnadze, Ferenc Weisz 210 $aCham$cBirkhäuser$cSpringer$d2022 215 $axvi, 626 p.$cill.$d24 cm 610 $aCesaro Means$9KW:K 610 $aFejer Means$9KW:K 610 $aHarmonic analysis$9KW:K 610 $aLebesgue Constants$9KW:K 610 $aLebesgue spaces$9KW:K 610 $aMartingale Hardy Spaces$9KW:K 610 $aMaximal operators$9KW:K 610 $aModulus of Continuity$9KW:K 610 $aNorlund Logarithmic Means$9KW:K 610 $aNorlund Means$9KW:K 610 $aPartial Sums of Vilenkin-Fourier Series$9KW:K 610 $aRiesz Logarithmic Means$9KW:K 610 $aStrong Convergence$9KW:K 610 $aVariable Lebesgue spaces$9KW:K 610 $aVariable Martingale Hardy Spaces$9KW:K 610 $aVilenkin Groups$9KW:K 610 $aVilenkin Systems$9KW:K 610 $aVilenkin-Fourier Coefficients$9KW:K 610 $aWeak-Lp Spaces$9KW:K 620 $aCH$dCham$3VANL001889 700 1$aPersson$bLars-Erik$3VANV041992$0149302 701 1$aTephnadze$bGeorge$3VANV229354$01738591 701 1$aWeisz$bFerenc$3VANV095739$060660 712 $aBirkhäuser $3VANV108193$4650 712 $aSpringer $3VANV108073$4650 801 $aIT$bSOL$c20240614$gRICA 856 4 $uhttps://doi.org/10.1007/978-3-031-14459-2$zE-book ? Accesso al full-text attraverso riconoscimento IP di Ateneo, proxy e/o Shibboleth 899 $aBIBLIOTECA DEL DIPARTIMENTO DI MATEMATICA E FISICA$1IT-CE0120$2VAN08 912 $fN 912 $aVAN0276611 950 $aBIBLIOTECA DEL DIPARTIMENTO DI MATEMATICA E FISICA$d08CONS e-Book 8598 $e08eMF8598 20240605 996 $aMartingale Hardy Spaces and Summability of One-Dimensional Vilenkin-Fourier Series$94160995 997 $aUNICAMPANIA LEADER 00940nam1 2200253 i 450 001 VAN00027415 005 20240806100335.471 010 $a31-10-05837-5 100 $a20041109f |0itac50 ba 101 $ager 102 $aDE 105 $a|||| ||||| 200 1 $aAufstieg und Niedergang der römischen Welt$eANRW$eGeschichte und Kultur Roms im Spiegel der neueren Forschung$fherausgegeben von Hildegard Temporini$g[poi] herausgegeben Hildegard Temporini und Wolfgang Haase 210 $aBerlin$cDe Gruyter. 510 1$3VAN00080144$aRise and decline of the Roman world. 517 1$3VAN00077739$aANRW. 620 $dBerlin$3VANL000066 702 1$aHaase$bWolfgang$3VANV026691 702 1$aTemporini$bHildegard$3VANV026690 712 $aDe Gruyter $3VANV109804$4650 801 $aIT$bSOL$c20250321$gRICA 912 $aVAN00027415 996 $aAufstieg und niedergang der Romischen welt$988359 997 $aUNICAMPANIA LEADER 01818nam0 22003853i 450 001 VAN00269849 005 20250725114602.196 017 70$2N$a9783031215728 100 $a20240119d2023 |0itac50 ba 101 $aeng 102 $aCH 105 $a|||| ||||| 181 $ai$b e 182 $ab 183 $acr 200 1 $aPhysics and Mechanics of New Materials and Their Applications$eProceedings of the International Conference PHENMA 2020$feditors Ivan A. Parinov ... [et al.] 210 $aCham$cSpringer$d2023 215 $aXXIV, 601 p.$c75 b/w illustrations, 196 illustrations in colour$d24 cm 410 1$1001VAN00126579$12001 $aSpringer Proceedings in Materials$1210 $aCham$cSpringer$d2019-$v20 620 $aCH$dCham$3VANL001889 676 $a530.4175$cFilm sottili$v22 676 $a621.48332$cMateriali strutturali$v22 702 1$aParinov$bIvan A.$3VANV106694 712 $aSpringer $3VANV108073$4650 790 1$aParinov, I. A.$zParinov, Ivan A.$3VANV201133 790 1$aParinov, I.A.$zParinov, Ivan A.$3VANV201134 790 1$aParinov, Ivan Anatol'evi?$zParinov, Ivan A.$3VANV235020 801 $aIT$bSOL$c20250801$gRICA 856 4 $uhttps://link.springer.com/book/10.1007/978-3-030-76481-4$zE-book - Accesso al full-text attraverso riconoscimento IP di Ateneo, proxy e/o Shibboleth 899 $aBIBLIOTECA DEL DIPARTIMENTO DI SCIENZE E TECNOLOGIE AMBIENTALI BIOLOGICHE E FARMACEUTICHE$1IT-CE0101$2VAN17 912 $fN 912 $aVAN00269849 950 $aBIBLIOTECA DEL DIPARTIMENTO DI SCIENZE E TECNOLOGIE AMBIENTALI BIOLOGICHE E FARMACEUTICHE$d17CONS e-book 2305 $e17BIB2308/70 70 20240119 996 $aPhysics and Mechanics of New Materials and Their Applications$92031405 997 $aUNICAMPANIA